Movies Quiz

Random Movies or Nominee Quiz

50 Oscar Best Picture Nominees to Click Part 2 Quiz Stats

 Plays Quiz not verified by Sporcle

Challenge
Share
Tweet
Embed
Score 0/50 Timer 07:00
0 Plays Today
% Correct
Mutiny
96.9%
Tin
95.9%
Clyde
94.9%
View
94.9%
Butch
94.9%
Anatomy
93.9%
Witness
93.9%
Roman
93.9%
Edge
93.9%
Indemnity
93.9%
Mice
93.9%
Grapes
93.9%
Picture
92.9%
Dolittle
92.9%
Midsummer
91.8%
Rachel
90.8%
Guns
89.8%
Coins
89.8%
Wife
89.8%
Done
89.8%
Anchors
88.8%
Red
87.8%
Wars
86.7%
Lovers
85.7%
Voyage
85.7%
% Correct
Mines
83.7%
Ship
83.7%
Ragtime
83.7%
Awful
82.7%
Front
81.6%
Quiet
79.6%
America
77.6%
Illusion
76.5%
Three
75.5%
Foot
72.4%
Dawn
71.4%
Arizona
71.4%
Persuasion
69.4%
Tattoo
67.3%
Human
66.3%
Lieutenant
65.3%
Blossoms
64.3%
Navy
63.3%
Island
62.2%
Smart
62.2%
Star
60.2%
Victory
57.1%
Captain
50%
Libeled
40.8%
White
40.8%

You're not logged in!

Compare scores with friends on all Sporcle quizzes.
OR
Log In

You Might Also Like...

Show Comments

Extras

Top Quizzes Today


Score Distribution

Your Account Isn't Verified!

In order to create a playlist on Sporcle, you need to verify the email address you used during registration. Go to your Sporcle Settings to finish the process.

Report this User

Report this user for behavior that violates our Community Guidelines.

Details: